[Event "SVK-ch U14 Girls"]
[Site "Liptovsky Mikulas"]
[Date "2018.04.22"]
[Round "2"]
[White "Tokarcikova, Diana"]
[Black "Zudorova, Miroslava"]
[Result "1-0"]
[WhiteElo "1218"]
[BlackElo "1457"]
[PlyCount "71"]
[EventDate "2018.04.21"]
[EventType "swiss"]
[EventRounds "9"]
[EventCountry "SVK"]
[SourceTitle "CBM 184 Extra"]
[Source "ChessBase"]
[SourceDate "2018.06.28"]
[SourceVersion "1"]
[SourceVersionDate "2018.06.28"]
[SourceQuality "1"]

1. e4 e5 2. Nf3 Nc6 3. Bc4 Nf6 4. d3 Bc5 5. c3 d6 6. d4 exd4 7. cxd4 Bb4+ 8. Bd2 Nxe4 9. Bxb4 Nxb4 10. Bxf7+ Kxf7 11. Qb3+ Be6 12. Qxb4 Qf6 13. 0-0 Qg6 14. Kh1 Rhe8 15. Nc3 Ng5 16. Nh4 Qh5 17. d5 Bd7 18. Qf4+ Kg8 19. Rfe1 Rf8 20. Qg3 b6 21. Re7 Rad8 22. Ne4 Rde8 23. Rxe8 Rxe8 24. Nxg5 Re5 25. Nhf3 Rxd5 26. Ne4 Bf5 27. Nf6+ Kf7 28. Nxh5 g6 29. Nf4 Rb5 30. Nd4 Rxb2 31. Nxf5 gxf5 32. h3 Rd2 33. Rc1 c5 34. Re1 d5 35. Nh5 d4 36. Qg7# 1-0

[Event "SVK-ch U14 Girls"]
[Site "Liptovsky Mikulas"]
[Date "2017.04.23"]
[Round "3"]
[White "Datelova, Daniela"]
[Black "Tokarcikova, Diana"]
[Result "1-0"]
[WhiteElo "1334"]
[BlackElo "1323"]
[PlyCount "89"]
[EventDate "2017.04.22"]
[EventType "swiss"]
[EventRounds "9"]
[EventCountry "SVK"]
[SourceTitle "CBM 178 Extra"]
[Source "ChessBase"]
[SourceDate "2017.06.22"]
[SourceVersion "1"]
[SourceVersionDate "2017.06.22"]
[SourceQuality "1"]

1. d4 d5 2. c4 e6 3. Nf3 Nf6 4. Bg5 Be7 5. Nc3 0-0 6. e3 Bd7 7. Bd3 a6 8. 0-0 dxc4 9. Bxc4 b5 10. Bd3 c5 11. Rc1 c4 12. Be2 Bc6 13. Ne5 Qc7 14. Bf3 Rd8 15. a4 b4 16. Ne2 Bxf3 17. Nxf3 Nbd7 18. Bf4 Qc6 19. Ne5 Nxe5 20. Bxe5 Ng4 21. Bf4 e5 22. Bg3 Bg5 23. Qd2 exd4 24. Nxd4 Qc5 25. Rfd1 Rd7 26. h3 Nf6 27. Qe2 Rc8 28. Nb3 Rxd1+ 29. Qxd1 Qb6 30. Qe2 Qe6 31. Nd4 Qd5 32. b3 Qd7 33. Rxc4 Rxc4 34. Qxc4 a5 35. Qc5 Bh6 36. Qxa5 Qe7 37. Qa8+ Qf8 38. Qxf8+ Kxf8 39. Bd6+ Ke8 40. Bxb4 Kd7 41. Kf1 Nd5 42. Bc5 Kc7 43. b4 Kb7 44. b5 Bg5 45. a5 1-0

[Event "SVK-ch U12 Girls"]
[Site "Liptovsky Mikulas"]
[Date "2016.04.20"]
[Round "6"]
[White "Subjakova, Kristina"]
[Black "Tokarcikova, Diana"]
[Result "1-0"]
[WhiteElo "1294"]
[BlackElo "1432"]
[PlyCount "113"]
[EventDate "2016.04.16"]
[EventType "swiss"]
[EventRounds "9"]
[EventCountry "SVK"]
[SourceTitle "CBM 172 Extra"]
[Source "ChessBase"]
[SourceDate "2016.06.21"]
[SourceVersion "1"]
[SourceVersionDate "2016.06.21"]
[SourceQuality "1"]

1. e4 e5 2. Nf3 Nc6 3. d4 exd4 4. Nxd4 Bc5 5. Be3 Bb6 6. Bc4 Nf6 7. Nc3 0-0 8. f3 Re8 9. 0-0 Ne5 10. Bb3 c5 11. Ndb5 c4 12. Bxb6 Qxb6+ 13. Kh1 cxb3 14. f4 Nc4 15. Qe2 Ne3 16. Rf3 Nxe4 17. Rxe3 Nf2+ 18. Qxf2 Rxe3 19. Nd5 Re1+ 20. Qxe1 Qd8 21. cxb3 h6 22. Nbc7 Rb8 23. Qe4 d6 24. Re1 Bd7 25. Qe7 Qc8 26. f5 Bc6 27. Qxd6 Kh7 28. f6 Qg4 29. fxg7 Qxg7 30. Ne8 Rxe8 31. Rxe8 Bxe8 32. Nf6+ Kh8 33. Nxe8 Qg5 34. Qf8+ Kh7 35. Qxf7+ Kh8 36. Qf8+ Kh7 37. Qg7+ Qxg7 38. Nxg7 Kxg7 39. Kg1 Kf6 40. Kf2 Kf5 41. Kf3 h5 42. h3 Kg5 43. g4 h4 44. Ke4 Kf6 45. Kf4 Kg6 46. g5 Kg7 47. Kg4 Kg6 48. Kxh4 Kg7 49. Kg4 Kg6 50. h4 b5 51. h5+ Kh7 52. g6+ Kg7 53. Kg5 b4 54. h6+ Kh8 55. g7+ Kg8 56. Kg6 a5 57. h7# 1-0

[Event "SVK-ch U12 Girls"]
[Site "Liptovsky Mikulas"]
[Date "2016.04.17"]
[Round "2"]
[White "Vozarova, Adriana"]
[Black "Tokarcikova, Diana"]
[Result "1-0"]
[WhiteElo "1509"]
[BlackElo "1432"]
[PlyCount "73"]
[EventDate "2016.04.16"]
[EventType "swiss"]
[EventRounds "9"]
[EventCountry "SVK"]
[SourceTitle "CBM 172 Extra"]
[Source "ChessBase"]
[SourceDate "2016.06.21"]
[SourceVersion "1"]
[SourceVersionDate "2016.06.21"]
[SourceQuality "1"]

1. e4 e5 2. Nf3 Nc6 3. d4 exd4 4. Bc4 Nf6 5. e5 d5 6. Bb5 Ne4 7. Nxd4 Bd7 8. Bxc6 bxc6 9. 0-0 Bc5 10. Be3 0-0 11. f3 Ng5 12. f4 Ne6 13. f5 Ng5 14. Nd2 Re8 15. N2b3 Bb6 16. Qg4 h6 17. h4 Ne4 18. Bxh6 g6 19. e6 Bxe6 20. fxe6 Rxe6 21. Kh1 Rd6 22. Bf4 Rf6 23. Be5 Rxf1+ 24. Rxf1 c5 25. Nf5 Kf8 26. Nh6 Qe7 27. Rxf7+ Qxf7 28. Nxf7 Kxf7 29. Qd7+ Kf8 30. Qg7+ Ke8 31. Qg8+ Kd7 32. Qxd5+ Ke7 33. Qxa8 Nd6 34. Bxd6+ cxd6 35. Qe4+ Kf6 36. Qf4+ Kg7 37. Qxd6 1-0

[Event "Senica op 6th"]
[Site "Senica"]
[Date "2015.08.31"]
[Round "7"]
[White "Kastler, Peter"]
[Black "Tokarcikova, Diana"]
[Result "1-0"]
[WhiteElo "1779"]
[BlackElo "1129"]
[PlyCount "57"]
[EventDate "2015.08.27"]
[EventType "swiss"]
[EventRounds "7"]
[EventCountry "SVK"]
[SourceTitle "EXT 2016"]
[Source "ChessBase"]
[SourceDate "2015.10.08"]
[SourceVersion "1"]
[SourceVersionDate "2015.10.08"]
[SourceQuality "1"]

1. d4 d5 2. c4 e6 3. Nc3 Nf6 4. e3 Bb4 5. Nf3 Ne4 6. Bd2 Nxc3 7. Bxc3 Bxc3+ 8. bxc3 0-0 9. c5 c6 10. Be2 Nd7 11. 0-0 Nf6 12. Qc2 Re8 13. Ne5 Qc7 14. f4 Bd7 15. Rf3 Ne4 16. Rh3 f6 17. Nxd7 Qxd7 18. Bd3 f5 19. Bxe4 fxe4 20. Qf2 h6 21. Qg3 Re7 22. Rxh6 Rf8 23. Rf1 Kf7 24. Qg6+ Kg8 25. Qh7+ Kf7 26. f5 Ke8 27. fxe6 Rxf1+ 28. Kxf1 Qc7 29. Qg8# 1-0

[Event "SVK-ch U12 Girls"]
[Site "Tatralandia"]
[Date "2015.04.23"]
[Round "7"]
[White "Tokarcikova, Diana"]
[Black "Bujnova, Sara"]
[Result "1-0"]
[WhiteElo "1000"]
[BlackElo "1075"]
[PlyCount "123"]
[EventDate "2015.04.18"]
[EventType "swiss"]
[EventRounds "9"]
[EventCountry "SVK"]
[SourceTitle "CBM 166 Extra"]
[Source "ChessBase"]
[SourceDate "2015.06.18"]
[SourceVersion "1"]
[SourceVersionDate "2015.06.18"]
[SourceQuality "1"]

1. e4 e5 2. Nf3 Nf6 3. Nxe5 d6 4. Nf3 Nxe4 5. Be2 Nc6 6. 0-0 Be7 7. Bc4 0-0 8. d3 Nf6 9. Bf4 Bg4 10. c3 d5 11. Bb3 Bd6 12. Bg5 Ne5 13. Nbd2 c6 14. d4 Nxf3+ 15. Nxf3 h6 16. Bh4 Qe7 17. Qd3 g5 18. Bg3 Bxg3 19. fxg3 Qe4 20. Qxe4 Nxe4 21. c4 Rad8 22. Ne5 Nd2 23. Rf2 Ne4 24. Rff1 Bh5 25. g4 dxc4 26. gxh5 cxb3 27. axb3 a6 28. Rad1 f6 29. Ng6 Rf7 30. Rfe1 Nd6 31. d5 Nf5 32. dxc6 Nd6 33. Ne7+ Kf8 34. c7 Ra8 35. Ng6+ Kg8 36. Rxd6 Rxc7 37. Rxf6 Rf7 38. Rxf7 Kxf7 39. Re7+ Kf6 40. Rxb7 a5 41. Rb6+ Kf5 42. Ne7+ Kg4 43. Rxh6 Rb8 44. h3+ Kg3 45. Kf1 Rd8 46. Ke2 Kxg2 47. Rg6 Rh8 48. Rxg5+ Kxh3 49. Rxa5 Kg4 50. b4 Re8 51. Ra7 Kxh5 52. Kd3 Rd8+ 53. Kc3 Rb8 54. Ra5+ Rb5 55. Rxb5+ Kh6 56. Rf5 Kg7 57. b5 Kh6 58. b6 Kg7 59. b7 Kh6 60. b8Q Kh7 61. Qg8+ Kh6 62. Qg6# 1-0

[Event "SVK-ch U12 Girls"]
[Site "Tatralandia"]
[Date "2015.04.19"]
[Round "2"]
[White "Janikova, Katka"]
[Black "Tokarcikova, Diana"]
[Result "0-1"]
[WhiteElo "1041"]
[BlackElo "1000"]
[PlyCount "96"]
[EventDate "2015.04.18"]
[EventType "swiss"]
[EventRounds "9"]
[EventCountry "SVK"]
[SourceTitle "CBM 166 Extra"]
[Source "ChessBase"]
[SourceDate "2015.06.18"]
[SourceVersion "1"]
[SourceVersionDate "2015.06.18"]
[SourceQuality "1"]

1. d4 d5 2. c4 e6 3. Nc3 Nf6 4. e3 c6 5. Nf3 Bd6 6. Bd3 dxc4 7. Bxc4 b5 8. Bb3 0-0 9. 0-0 b4 10. Ne2 Ba6 11. Bc2 c5 12. dxc5 Bxc5 13. Qxd8 Rxd8 14. Re1 Nc6 15. e4 Ng4 16. Bg5 Bxf2+ 17. Kh1 Bxe1 18. Bxd8 Rxd8 19. Rxe1 Bc4 20. Ba4 Nce5 21. Nxe5 Nxe5 22. b3 Bxe2 23. h3 Rd2 24. Rc1 Rd1+ 25. Rxd1 Bxd1 26. Kg1 f5 27. exf5 exf5 28. Kf1 g5 29. Ke1 Bh5 30. Kf2 g4 31. h4 Bf7 32. Kg3 Bd5 33. Kf4 Nd3+ 34. Kxf5 Nf2 35. g3 Bf3 36. Bb5 Kg7 37. Ke5 h5 38. Kd6 Ne4+ 39. Ke6 Nxg3 40. Kd7 Nf5 41. Kc7 g3 42. Kb8 g2 43. Kxa7 g1Q+ 44. Kb8 Qb6+ 45. Kc8 Qxb5 46. Kd8 Qb7 47. Ke8 Bc6+ 48. Kd8 Qd7# 0-1

[Event "SVK-ch U12 Girls"]
[Site "Tatralandia"]
[Date "2015.04.18"]
[Round "1"]
[White "Tokarcikova, Diana"]
[Black "Datelova, Daniela"]
[Result "0-1"]
[WhiteElo "1000"]
[BlackElo "1175"]
[PlyCount "76"]
[EventDate "2015.04.18"]
[EventType "swiss"]
[EventRounds "9"]
[EventCountry "SVK"]
[SourceTitle "CBM 166 Extra"]
[Source "ChessBase"]
[SourceDate "2015.06.18"]
[SourceVersion "1"]
[SourceVersionDate "2015.06.18"]
[SourceQuality "1"]

1. d4 d5 2. Nf3 Nc6 3. Nc3 Nf6 4. Bg5 e6 5. e3 h6 6. Bh4 Be7 7. Bb5 Bd7 8. 0-0 0-0 9. h3 a6 10. Bxc6 Bxc6 11. Re1 Nh5 12. Bxe7 Qxe7 13. Ne5 Nf6 14. Nxc6 bxc6 15. e4 Rab8 16. e5 Nd7 17. b3 c5 18. dxc5 Qxc5 19. Qd3 d4 20. Ne4 Qxe5 21. Ng3 Qg5 22. Qxd4 Nf6 23. Qc4 Qa5 24. Ne4 Nxe4 25. Rxe4 Rb5 26. Rd1 Rc5 27. Qa4 Qxa4 28. Rxa4 Rxc2 29. Rxa6 Rb8 30. Rd7 Rc1+ 31. Kh2 Rc2 32. Ra7 Rxf2 33. Rdxc7 Rb5 34. Rc8+ Kh7 35. Rf8 Rg5 36. Rfxf7 Rfxg2+ 37. Kh1 Rg1+ 38. Kh2 R5g2# 0-1